00858 2200289 4500001002100000005001500021035002500036008004100061020002200102082001500124090002100139100001400160245014600174250001800320260003000338300003400368650003000402700002600432850001200458980001300470985000600483999002100489007000300510040001700513084001700530990002100547YOGYA-0209000006873020211231094201 a0010-020900000068730090227s2007 yoi g ind d a978-979-29-0123-204222a411.52 aCB-D.11 2007-8281 aProbo, B.0 aMenghilangkan salah ejaan dalam bahasa Indonesia menggunakan fitur spelling shecker di MS word /cB. Probo; penyunting, Agnes Heni Triyuliana aEdisi pertama aYogyakarta :bAndi,c2007 aviii, 72 hlm :bilus ;c21 cm 4aBahasa Indonesia--xEjaan0 aAgnes Heni Triyuliana aYOPDYOG a4-3-2008 a1 aCB-D.11/2007-828ta aYOPDYOGbind a411.52 PRO m aCB-D.11/2007-828